| 000 | 01111nmc a2200361 a 4500 | ||
|---|---|---|---|
| 003 | AR-BaBNM | ||
| 005 | 20251128211154.0 | ||
| 008 | 103020s2002 ||||||||||||||000 | spa|| | ||
| 020 | _a987-20589-0-3 | ||
| 040 | _cAR-BaBNM | ||
| 100 | 1 | _aGiacobone, Carlos Alberto | |
| 245 | 1 | 0 | _aEstudio hemerográfico sobre cultura y educación durante la presidencia de Marcelo T. de Alvear, 1922-1928 |
| 260 |
_aBuenos Aires _bSociedad de Estudios Bibliográficos Argentinos _c2002 |
||
| 300 | 0 | _a243 p. | |
| 490 | 0 |
_aEstudios _vv. 7 |
|
| 650 | 4 | _aHISTORIA ARGENTINA | |
| 650 | 4 | _aHISTORIA DE LA EDUCACION | |
| 650 | 4 | _aSIGLO VEINTE | |
| 650 | 4 | _aESTADO Y EDUCACION | |
| 650 | 4 | _aORGANIZACION DE LA EDUCACION | |
| 650 | 4 | _aUNIVERSIDADES | |
| 650 | 4 | _aADMINISTRACION UNIVERSITARIA | |
| 650 | 4 | _aESTUDIANTES UNIVERSITARIOS | |
| 650 | 4 | _aCULTURAS NACIONALES | |
| 650 | 4 | _aPRESIDENCIAS ARGENTINAS | |
| 650 | 4 | _aESCUELAS | |
| 651 | 4 | _aArgentina | |
| 653 | _aMAESTROS ARGENTINOS | ||
| 653 | 0 | _aRADICALISMO | |
| 700 | 1 |
_aTrenti Rocamora, José Luis _eprologuista |
|
| 942 | _cBK | ||
| 998 | _cMariana | ||
| 999 |
_c18564 _d18564 |
||